|
|
|
|
| LEADER |
00000nam0a2200000 4500 |
| 001 |
359344 |
| 005 |
20231102011200.0 |
| 035 |
|
|
|a (RuTPU)RU\TPU\retro\16616
|
| 035 |
|
|
|a RU\TPU\retro\16614
|
| 090 |
|
|
|a 359344
|
| 100 |
|
|
|a 20201013d1936 km y0rusy50 ca
|
| 101 |
0 |
|
|a rus
|
| 102 |
|
|
|a RU
|
| 105 |
|
|
|a a z 000zy
|
| 200 |
1 |
|
|a Почвы Хибинских тундр
|e [сборник научных трудов]
|f М. М. Мазыро
|g Академия наук СССР
|
| 210 |
|
|
|a Ленинград
|a Москва
|c Изд-во АН СССР
|d 1936
|
| 215 |
|
|
|a 72 с.
|c ил.
|
| 225 |
1 |
|
|a Труды совета по изучению производительных сил (СОПС)
|v Часть 1
|
| 225 |
1 |
|
|a Серия Кольская
|v Вып. 12
|
| 606 |
1 |
|
|a Петрография
|y Европейская часть Российской Федерации
|2 stltpush
|3 (RuTPU)RU\TPU\subj\72264
|9 85828
|
| 606 |
1 |
|
|a Геохимия региональная
|2 stltpush
|3 (RuTPU)RU\TPU\subj\6304
|9 34227
|
| 610 |
1 |
|
|a Северо-Западная Европа
|
| 610 |
1 |
|
|a почвенно-географический очерк
|
| 610 |
1 |
|
|a горные хребты
|
| 610 |
1 |
|
|a морены
|
| 610 |
1 |
|
|a речные долины
|
| 610 |
1 |
|
|a низменные равнины
|
| 610 |
1 |
|
|a почвы
|
| 610 |
1 |
|
|a болотистые почвы
|
| 610 |
1 |
|
|a сельское хозяйство
|
| 610 |
1 |
|
|a Хибинский массив
|
| 610 |
1 |
|
|a почвообразование
|
| 700 |
|
1 |
|a Мазыро
|b М. М.
|
| 702 |
|
1 |
|a Волгин
|b В. П.
|4 340
|
| 712 |
0 |
2 |
|a Академия наук СССР
|b Совет по изучению производительных сил (СОПС)
|c (Ленинград/Москва)
|c (1925-1991)
|2 stltpush
|3 (RuTPU)RU\TPU\col\722
|
| 801 |
|
1 |
|a RU
|b 63413507
|c 20180418
|
| 801 |
|
2 |
|a RU
|b 63413507
|c 20201013
|g RCR
|
| 801 |
|
2 |
|a RU
|b 63413507
|c 20201123
|g RCR
|
| 942 |
|
|
|c BK
|